Sports Quiz

Random Sports or NCAA Quiz

NCAA Profile: Connecticut Quiz Stats

 Plays Quiz Updated May 2, 2020

Support Sporcle.
Go Orange.
Score 0/20 Timer 07:00
0 Plays Today
Hint Answers % Correct
StateConnecticut
95.7%
NicknameHuskies
92.9%
Team ColorNational Flag Blue
90.1%
Team ColorWhite
88%
ConferenceBig East
86.1%
Sport w/ most NCAA ChampionshipsWomen's Basketball (11)
78.5%
No. of Men's Varsity Sports10
74.4%
No. of Women's Varsity Sports11
74%
Famous Alum: PG ______ WalkerKemba
69.3%
Famous Alum: G ______ TaurasiDiana
62.5%
Hint Answers % Correct
CityStorrs
52.7%
Primary RivalSyracuse
49.9%
Basketball ArenaHarry A. Gampel Pavilion
42.9%
Primary RivalMassachusetts
29.9%
MascotJonathan the Husky
20.2%
Football StadiumPratt & Whitney Stadium
19.2%
Athletic DirectorDavid Benedict
10.3%
Fight SongUConn Husky
8.2%
Baseball StadiumJ. O. Christian Field
6.6%
Fight SongFight On Connecticut
4.1%

You're not logged in!

Compare scores with friends on all Sporcle quizzes.
OR
Log In
Forgot?

From the Vault

Remove Ads.
Support Sporcle.
Get the best of Sporcle when you Go Orange. This ad-free experience offers more features, more stats, and more fun while also helping to support Sporcle. Thank you for becoming a member.

Show Comments

Extras

Top Quizzes Today


Score Distribution

Your Account Isn't Verified!

In order to create a playlist on Sporcle, you need to verify the email address you used during registration. Go to your Sporcle Settings to finish the process.

Report this User

Report this user for behavior that violates our Community Guidelines.

Details: